Bone... or Pokémon? - Statistics

General Stats
  • This quiz has been taken 58 times
  • The average score is 13 of 15
Answer Stats
Question Answer % Correct
Sacrum Bone
100%
Vulpix Pokémon
100%
Suicune Pokémon
95%
Larvitar Pokémon
95%
Ursaluna Pokémon
95%
Raticate Pokémon
95%
Mandible Bone
90%
Maractus Pokémon
90%
Malleus Bone
86%
Staraptor Pokémon
86%
Hyoid Bone
81%
Capitate Bone
76%
Vomer Bone
71%
Palatine Bone
71%
Reuniclus Pokémon
67%
No matching quizzes found
Score Distribution
Percent of People with Each Score
Percentile by Number Answered
Your Score History
You have not taken this quiz